000 00444nam a2200133Ia 4500
008 151001s9999||||xx |||||||||||||| ||und||
100 _aसदाशिव आठवले
245 _aरामशास्त्री प्रभुणे चरित्र व पत्रे
250 _a1
260 _bश्रीविद्या प्रकाशन पुणे
260 _c1990
300 _a167
365 _b21
999 _c967756
_d967753